000 00631cam a22002293a 4500
001 18331
003 PGUSA
005 20140828083405.0
008 060506s2006||||xxu|||||s|||||000 | eng d
040 _aPGUSA
_beng
042 _adc
050 4 _aR
100 1 _aPohl, Rudolf,
_d1879-
245 1 0 _aDe Graecorum Medicis Publicis
_h[electronic resource] /
_cRudolf Pohl
260 _bProject Gutenberg,
_c2006
506 _aPublic domain in the USA.
516 _aElectronic text
653 _aMedicine, Greek and Roman
830 0 _aProject Gutenberg
_v18331
856 4 0 _uhttp://www.gutenberg.org/ebooks/18331
942 _cEB
999 _c247586
_d247586